LEADER 01247nam a2200301 u 4500 001 000000055628 003 CaOOAMICUS 005 20070226115815.0 008 010216s1996 it u000 u ita u 035 $a10867872 040 $aPUL$bita 245 00$aAntropologia.$nIV,$pFamiglia, educazione e libertà /$cCarl Anderson ... [et al.]. 246 30$aFamiglia, educazione e libertà 260 $aRoma :$bEd. Romane di cultura,$c1996. 300 $a64 p. ;$c24 cm 490 1 $aGrande Enciclopedia epistemologica ;$v104 504 $aBibliografia in nota. 650 4$aFamiglia.$0(OLS)http://pul/subject/1197 650 4$aEducazione.$0(OLS)http://pul/subject/4579 700 1 $aAnderson, Carl A.$0(OLS)http://pul/name/39087 830 0$aGrande Enciclopedia epistemologica ;$v104.$0(OLS)http://pul/title/74431 850 $aPUL 852 $aPUL$W1$xDP2 Filosofia 1$y62$m97 U 104$j73111$nBK-PRI$qStampati$B73111$CPULBib$Z2$F73111 $82 941 1 $a8 961 $aINV: 83568 996 $6245$aAntropologia.$nIV,$pFamiglia, educazione e libertà$9(OLS)http://pul/title/74444 996 $6246$aFamiglia, educazione e libertà$9(OLS)http://pul/title/74445 996 $6260$aRoma :$bEd. Romane di cultura$9(OLS)http://pul/publisher/69045 LEADER 02187nam a2200349 u 4500 001 000000067017 003 CaOOAMICUS 005 20070226121635.0 008 020131s1904 gw u000 u grc u 035 $a10918701 040 $aPUL(R)$bita 041 0 $agrc$alat 100 0 $aMichael Ephesius,$dsec. XI-XII.$0(OLS)http://pul/name/44805 240 10$aIn libros De partibus animaliumcommentaria$9(Michael Ephesius, sec. XI-XII).$0(OLS)http://pul/title/88917 245 10$aMichaelis Ephesii In libros De partibus animalium, De animalium motione, De animalium incessu commentaria /$cconsilio et auctoritate Academiae litterarum Regiae Borussicae ; edidit Michael Hayduck. 260 $aBerolini :$bReimer,$c1904. 300 $axiv, 193 p. ;$c25 cm 490 1 $aCommentaria in Aristotelem graeca ;$v22, 2 500 $aInclude apparato critico. 600 04$aAristoteles,$d384-322 a.C.$0(OLS)http://pul/subject/223 700 1 $aHayduck, Michael.$0(OLS)http://pul/name/43294 700 02$aMichael Ephesius,$dsec. XI-XII.$tIn libros De animalium incessu commentaria$9(Michael Ephesius, sec. XI-XII).$0(OLS)http://pul/name/44807 700 02$aMichael Ephesius,$dsec. XI-XII.$tIn libros De animalium motione commentaria$9(Michael Ephesius, sec. XI-XII).$0(OLS)http://pul/name/44806 740 0 $aIn libros De partibus animalium, De animalium motione, De animalium incessu commentaria. 830 0$aCommentaria in Aristotelem graeca ;$v22, 2.$0(OLS)http://pul/title/26001 850 $aPUL 852 $aPUL$W1$xDP2 Filosofia 1$y62$m82 E 21$j86681$nBK-PRI$b $qStampati$B86681$CPULBib$Z2$F86681 $81 941 1 $a8 961 $aTimbri: Bibliotheca P. Athenaeum Seminarii Rom. Precedente collocazione su targhetta rettangolare bordata di azzurro: 44 A 45. Volume con imperfezioni nell'assemblaggio dei fascicoli. 996 $6245$aMichaelis Ephesii In libros De partibus animalium, De animalium motione, De animalium incessu commentaria$9(OLS)http://pul/title/88918 996 $6740$aIn libros De partibus animalium, De animalium motione, De animalium incessu commentaria$9(OLS)http://pul/title/88919 996 $6260$aBerolini :$bReimer$9(OLS)http://pul/publisher/55634